[Event "Titled Tue 24th Jun Late"]
[Site "chess.com INT"]
[Date "2025.06.24"]
[Round "4"]
[White "Yglesias Herrera, Michel"]
[Black "Mammadov, Sadig"]
[Result "0-1"]
[WhiteTitle "CM"]
[BlackTitle "IM"]
[WhiteElo "2054"]
[BlackElo "2395"]
[WhiteFideId "3510840"]
[BlackFideId "13408712"]
[EventDate "2025.06.24"]

1. d4 d5 2. c4 c6 3. Nc3 Nf6 4. Bf4 e6 5. Nf3 Bd6 6. Bg3 dxc4 7. Bxd6 Qxd6 8. e4
Qb4 9. Qc2 Nxe4 10. a3 Qa5 11. Qxe4 b5 12. Nd2 Bb7 13. Be2 Qb6 14. Qg4 O-O 15.
Nde4 Qxd4 16. Rd1 Qe5 17. f4 Qf5 18. Qf3 c5 19. g4 Qg6 20. h4 f5 21. gxf5 exf5
22. Nf6+ Qxf6 23. Qxb7 Na6 24. Qd5+ Kh8 25. h5 b4 26. Na4 c3 27. bxc3 bxc3 28.
h6 c2 29. hxg7+ Qxg7 30. Rc1 Qg3+ 31. Kd2 Rad8 32. Qxd8 Rxd8+ 33. Kxc2 Qxf4 34.
Bxa6 Qxa4+ 0-1

[Event "Titled Tue 24th Jun Late"]
[Site "chess.com INT"]
[Date "2025.06.24"]
[Round "4"]
[White "Ibarra Jerez, Jose Carlos"]
[Black "Ribeiro, Gustavo"]
[Result "1-0"]
[WhiteTitle "GM"]
[BlackTitle "FM"]
[WhiteElo "2545"]
[BlackElo "2314"]
[WhiteFideId "2226332"]
[BlackFideId "1941852"]
[EventDate "2025.06.24"]

1. Nf3 Nf6 2. g3 b6 3. Bg2 Bb7 4. O-O g6 5. b3 Bg7 6. Bb2 O-O 7. c4 c5 8. d4
cxd4 9. Qxd4 Ne8 10. Qd2 Bxb2 11. Qxb2 d6 12. Rd1 Nd7 13. Nc3 Nef6 14. Qd2 Rc8
15. Qh6 Bxf3 16. exf3 a6 17. Rac1 Rc5 18. Qd2 Qc7 19. a4 Rc8 20. f4 Nb8 21. Bh3
Rf8 22. Bf1 Rc8 23. b4 Rh5 24. Be2 Rh3 25. Kg2 Qd7 26. Nd5 Nxd5 27. cxd5 Rh6 28.
h4 f6 29. Rxc8+ Qxc8 30. Rc1 Qd7 31. Qc2 Kf7 32. Qc8 Qxc8 33. Rxc8 Nd7 34. Bxa6
g5 35. Bb5 Nf8 36. fxg5 fxg5 37. hxg5 Rg6 38. Be8+ 1-0

[Event "Titled Tue 24th Jun Late"]
[Site "chess.com INT"]
[Date "2025.06.24"]
[Round "4"]
[White "Rozman, Levy"]
[Black "Khouri, Ahmed Abbas"]
[Result "1-0"]
[WhiteTitle "IM"]
[BlackTitle "FM"]
[WhiteElo "2324"]
[BlackElo "1978"]
[WhiteFideId "2039877"]
[BlackFideId "9301518"]
[EventDate "2025.06.24"]

1. d4 Nf6 2. Bg5 Ne4 3. h4 c5 4. d5 Qb6 5. Nd2 Nf6 6. e4 d6 7. Rb1 h6 8. Bxf6
gxf6 9. h5 e6 10. a4 f5 11. Bb5+ Nd7 12. dxe6 fxe6 13. exf5 e5 14. Nc4 Qc7 15.
a5 Rg8 16. f6 Kd8 17. Qf3 Nb8 18. Ne2 Be6 19. Rd1 Nc6 20. a6 Nd4 21. Nxd4 cxd4
22. Qxb7 Rb8 23. Qxc7+ Kxc7 24. Na3 d5 25. Be2 Rxb2 26. Nb5+ Kb6 27. O-O Rxb5
28. Bxb5 Kxb5 29. Rb1+ Kc6 30. Rb8 Bc5 31. Rfb1 Bb6 32. R1xb6+ axb6 33. a7 1-0

[Event "Titled Tue 24th Jun Late"]
[Site "chess.com INT"]
[Date "2025.06.24"]
[Round "4"]
[White "Zdorov, Egor Vit"]
[Black "Pereyra, Horacio"]
[Result "1-0"]
[WhiteTitle "CM"]
[WhiteElo "2101"]
[BlackElo "2133"]
[WhiteFideId "55688560"]
[BlackFideId "113700"]
[EventDate "2025.06.24"]

1. d4 g6 2. e4 Bg7 3. Nc3 c5 4. Be3 Nc6 5. Nf3 cxd4 6. Nxd4 d6 7. f3 Nf6 8. Qd2
O-O 9. Be2 Bd7 10. O-O Rc8 11. Rac1 Ne5 12. b3 a6 13. Nd5 e6 14. Nxf6+ Bxf6 15.
c4 Qe7 16. Rfd1 Rfd8 17. Nc2 Bc6 18. Bb6 Rd7 19. f4 Bxe4 20. fxe5 Bxe5 21. Bd4
Rcd8 22. Qe3 f5 23. Bf3 Bxf3 24. Qxf3 Qh4 25. g3 Qf6 26. Rd2 Rf8 27. Bxe5 Qxe5
28. Qe3 Qf6 29. Re1 e5 30. c5 e4 31. Qd4 Qg5 32. Qd5+ Kg7 33. Rxe4 Rff7 34. cxd6
h5 35. Rf4 Rf6 36. Qe5 Kh6 37. Ne3 Rff7 38. Qh8+ Rh7 39. Qf8+ Rdg7 40. d7 1-0

[Event "Titled Tue 24th Jun Late"]
[Site "chess.com INT"]
[Date "2025.06.24"]
[Round "4"]
[White "Ersoz, Teoman Guney"]
[Black "Zhigalko, Sergei"]
[Result "0-1"]
[WhiteTitle "CM"]
[BlackTitle "GM"]
[WhiteElo "2052"]
[BlackElo "2572"]
[WhiteFideId "44537050"]
[BlackFideId "13502956"]
[EventDate "2025.06.24"]

1. d4 Nf6 2. Nc3 d5 3. Bg5 c5 4. e4 Nxe4 5. Nxe4 dxe4 6. dxc5 Qa5+ 7. Qd2 Qxc5
8. Ne2 Nc6 9. Nc3 Bf5 10. Nb5 Rc8 11. Be3 Qb4 12. c3 Qa5 13. Be2 a6 14. Nd4 Nxd4
15. Bxd4 e5 16. Be3 Be7 17. O-O O-O 18. Bg5 Rfd8 19. Qe3 f6 20. Bh4 Bc5 21. Qg3
Qb6 22. Bg4 Qe6 23. Be2 g5 24. b3 Kh8 25. Bc4 Qe7 26. Bxg5 fxg5 27. Rfe1 Bg6 28.
Rad1 Rxd1 29. Rxd1 Rf8 30. Rd2 Qf6 0-1

[Event "Titled Tue 24th Jun Late"]
[Site "chess.com INT"]
[Date "2025.06.24"]
[Round "4"]
[White "Li, Yilin"]
[Black "Suarez, Pedro"]
[Result "0-1"]
[WhiteTitle "WFM"]
[BlackTitle "CM"]
[WhiteElo "1922"]
[BlackElo "2066"]
[WhiteFideId "8610410"]
[BlackFideId "3007642"]
[EventDate "2025.06.24"]

1. e4 d6 2. d4 Nf6 3. Nc3 Nbd7 4. Be3 e5 5. f4 exd4 6. Qxd4 c6 7. h3 d5 8. O-O-O
Bc5 9. Qd3 Bxe3+ 10. Qxe3 dxe4 11. Nxe4 O-O 12. Nf3 Nxe4 13. Qxe4 Qa5 14. Kb1
Nf6 15. Qe5 Qxe5 16. Nxe5 Nd5 17. Bc4 Be6 18. g3 Rad8 19. Bb3 g6 20. Kc1 Kg7 21.
c3 h5 22. Nd3 Ne3 23. Rd2 Bxb3 24. axb3 Rd7 25. Ne5 Rxd2 26. Kxd2 Nf5 27. g4
hxg4 28. hxg4 Rd8+ 29. Kc2 Ne3+ 30. Kc1 f6 31. Nc4 Nxg4 32. Rg1 f5 33. Kc2 Kf6
34. b4 b5 35. Nd2 Ne3+ 36. Kc1 Nd5 37. Rf1 Re8 38. Nb3 Re4 39. Nd4 Ne7 40. Kd2
g5 41. fxg5+ Kxg5 42. Rg1+ Rg4 43. Ne6+ Kf6 44. Rxg4 fxg4 45. Nd4 Ke5 46. Ke3
Nf5+ 47. Nxf5 Kxf5 48. Kf2 Kf4 49. b3 a6 50. c4 g3+ 51. Kg2 Kg4 52. cxb5 axb5 0-1

[Event "Titled Tue 24th Jun Late"]
[Site "chess.com INT"]
[Date "2025.06.24"]
[Round "4"]
[White "Chen, Yidong"]
[Black "Bustelo, Tabare"]
[Result "1/2-1/2"]
[BlackTitle "CM"]
[WhiteElo "2074"]
[BlackElo "2043"]
[WhiteFideId "8607028"]
[BlackFideId "3000362"]
[EventDate "2025.06.24"]

1. e4 e5 2. Nf3 f5 3. Nxe5 Qf6 4. d4 d6 5. Nc4 fxe4 6. Be2 d5 7. Ne3 c6 8. O-O
Be6 9. f3 exf3 10. Bxf3 Qe7 11. Qd3 Nd7 12. a4 Ngf6 13. a5 a6 14. Nc3 Qf7 15.
Bd2 Bd6 16. Rae1 O-O 17. Na4 Rae8 18. b4 g6 19. c3 Qg7 20. Nc5 Nxc5 21. dxc5 Bc7
22. Qd4 Ne4 23. Bxe4 Qxd4 24. cxd4 dxe4 25. Rxf8+ Rxf8 26. Rf1 Rxf1+ 27. Nxf1
Kf7 28. Bg5 h5 29. Ne3 Ba2 30. h4 Bg3 31. Kf1 Ke6 32. Ke2 Bd5 33. Bd8 Bb3 34.
Bg5 Ba4 35. Kd2 Bb5 36. Kc3 Bf2 37. Nc2 Kd5 38. Ne3+ Bxe3 39. Bxe3 Bd3 40. g3
Bb5 41. Bf4 Bd3 42. Be5 Bb5 43. Bd6 Bd3 44. Be5 Bb5 45. Bf4 Bd3 1/2-1/2

[Event "Titled Tue 24th Jun Late"]
[Site "chess.com INT"]
[Date "2025.06.24"]
[Round "4"]
[White "Sitnic, Adnan"]
[Black "Lezcano, Gustavo"]
[Result "0-1"]
[WhiteTitle "CM"]
[WhiteElo "2058"]
[BlackElo "2007"]
[WhiteFideId "14403854"]
[BlackFideId "103306"]
[EventDate "2025.06.24"]

1. e4 e6 2. d4 d5 3. e5 c5 4. c3 Nc6 5. Nf3 Nh6 6. Bxh6 gxh6 7. Be2 cxd4 8. cxd4
Bg7 9. O-O f6 10. exf6 Qxf6 11. Ne5 Nxe5 12. dxe5 Qxe5 13. Bb5+ Kf7 14. Nc3 Rf8
15. Re1 Qf6 16. Nxd5 exd5 17. Qxd5+ Be6 18. Qxb7+ Kg8 19. Bc6 Rab8 20. Qxa7 Rxb2
21. Rad1 Bxa2 22. Rd7 Qxf2+ 23. Qxf2 Rfxf2 24. Ra1 Bf7 25. Ra8+ Bf8 26. Rdd8 Be6
27. Re8 Bc4 28. Ra4 Rf1# 0-1

[Event "Titled Tue 24th Jun Late"]
[Site "chess.com INT"]
[Date "2025.06.24"]
[Round "4"]
[White "Patel, Maahir M"]
[Black "Damaraju, Ashwin"]
[Result "1-0"]
[WhiteElo "2106"]
[BlackElo "2084"]
[WhiteFideId "30995612"]
[BlackFideId "39908348"]
[EventDate "2025.06.24"]

1. d4 Nf6 2. Nf3 g6 3. Nc3 d5 4. Bf4 Bg7 5. e3 O-O 6. h4 c5 7. Nb5 Na6 8. c3 Ne4
9. Be2 Qb6 10. a4 Bg4 11. h5 cxd4 12. exd4 Bxh5 13. Rxh5 gxh5 14. Ne5 Qf6 15. g3
Qf5 16. Bxh5 Qh3 17. Qf3 Qh2 18. Ke2 Nxf2 19. g4 Qh3 20. Qxf2 f6 21. Nf3 e5 22.
Be3 e4 23. Ng1 Qh1 24. Rf1 f5 25. Qg3 fxg4 26. Rxf8+ Rxf8 27. Bxg4 h5 28. Bh3
Kh8 29. Nd6 Nc7 30. Nf5 Bf6 31. Qxc7 Qh2+ 32. Qxh2 1-0

[Event "Titled Tue 24th Jun Late"]
[Site "chess.com INT"]
[Date "2025.06.24"]
[Round "4"]
[White "Akbarinia, Sayed Arash"]
[Black "Terkiewicz, Bruno"]
[Result "0-1"]
[WhiteTitle "FM"]
[BlackTitle "CM"]
[WhiteElo "2372"]
[BlackElo "2183"]
[WhiteFideId "12501468"]
[BlackFideId "21093245"]
[EventDate "2025.06.24"]

1. Nf3 Nf6 2. c4 c6 3. d4 d5 4. Qc2 g6 5. Bf4 Bf5 6. Qb3 Qb6 7. c5 Qxb3 8. axb3
Na6 9. Nc3 Nb4 10. Ra4 a5 11. Bc7 Ne4 12. Bxa5 Nc2+ 13. Kd1 Nxf2+ 14. Kc1 Nxh1
15. g4 Bxg4 16. Kxc2 Nf2 17. b4 Bf5+ 18. Kb3 Ne4 19. e3 Bh6 20. b5 Bxe3 21. b6
Bxd4 22. Nxe4 Bxe4 23. Nxd4 e5 24. Ne2 Bd3 25. Ng3 Bxf1 26. Nxf1 f5 27. Kb4 Kd7
28. Ra1 Ke6 29. Nd2 e4 30. Ka4 Rxa5+ 31. Kxa5 Ra8+ 0-1

[Event "Titled Tue 24th Jun Late"]
[Site "chess.com INT"]
[Date "2025.06.24"]
[Round "4"]
[White "Chiu, Isaac"]
[Black "Vlassov, Nikolai"]
[Result "0-1"]
[BlackTitle "IM"]
[WhiteElo "2226"]
[BlackElo "2291"]
[WhiteFideId "30900654"]
[BlackFideId "4103360"]
[EventDate "2025.06.24"]

1. e4 Nc6 2. d4 d5 3. e5 h5 4. Nf3 Bg4 5. c3 Qd7 6. h3 Bxf3 7. Qxf3 f6 8. Bf4
fxe5 9. dxe5 e6 10. Bb5 Nge7 11. O-O a6 12. Bd3 O-O-O 13. b4 g5 14. Bg3 Bg7 15.
b5 Nxe5 16. Bxe5 Bxe5 17. Qe3 Qd6 18. Qa7 g4 19. bxa6 bxa6 20. Bxa6+ Kd7 21.
Bb5+ Nc6 22. Qa4 Ra8 23. Qc2 gxh3 24. gxh3 Rag8+ 25. Kh1 Ke7 26. Nd2 Bf4 27.
Rad1 e5 28. Ne4 Qe6 29. Qd3 dxe4 30. Qd7+ Qxd7 31. Rxd7+ Kxd7 32. Rd1+ Ke7 33.
Bxc6 Rd8 0-1

[Event "Titled Tue 24th Jun Late"]
[Site "chess.com INT"]
[Date "2025.06.24"]
[Round "4"]
[White "Jimenez Fernandez, Rebeca"]
[Black "Jasinski, Alexander"]
[Result "0-1"]
[WhiteTitle "WFM"]
[WhiteElo "2154"]
[BlackElo "1989"]
[WhiteFideId "32070934"]
[BlackFideId "55627994"]
[EventDate "2025.06.24"]

1. d4 Nf6 2. c4 g6 3. Nc3 Bg7 4. e4 O-O 5. Be2 d6 6. Be3 e5 7. d5 a5 8. Qc2 Na6
9. a3 Ne8 10. Rb1 f5 11. f3 Nc5 12. b4 Nd7 13. Nh3 axb4 14. axb4 Ndf6 15. Nf2
Rf7 16. c5 f4 17. Bd2 Bf8 18. Nb5 h5 19. O-O g5 20. Rfc1 Rg7 21. Kh1 g4 22. Nd3
Nh7 23. Be1 Qg5 24. cxd6 cxd6 25. Bf2 Bd7 26. Nc3 Rc8 0-1

[Event "Titled Tue 24th Jun Late"]
[Site "chess.com INT"]
[Date "2025.06.24"]
[Round "4"]
[White "Gomez Aguirre, Juan Alberto"]
[Black "Venskaya, Nika"]
[Result "1-0"]
[WhiteTitle "FM"]
[BlackTitle "WCM"]
[WhiteElo "2310"]
[BlackElo "1926"]
[WhiteFideId "54587867"]
[BlackFideId "13523503"]
[EventDate "2025.06.24"]

1. Nf3 Nf6 2. d4 g6 3. Nbd2 d5 4. e3 Bg7 5. Bd3 O-O 6. O-O c5 7. c3 Nc6 8. dxc5
e5 9. e4 Bg4 10. h3 Bxf3 11. Qxf3 d4 12. Bc2 Qe7 13. Nb3 a5 14. a4 Rfd8 15. Bg5
Qe6 16. cxd4 exd4 17. Rad1 h6 18. Bxf6 Bxf6 19. Nc1 d3 20. Bb3 Qe7 21. Rxd3 Bxb2
22. Qg3 Kh7 23. Rf3 Bf6 24. Qf4 Kg7 25. Ne2 Ne5 26. Bd5 Nxf3+ 27. Qxf3 Qxc5 28.
Qg4 Qe7 29. Ng3 Kh7 30. Rb1 Rab8 31. Rb6 Be5 32. Rb3 Bxg3 33. Rxg3 Qe5 34. Rf3
f6 35. g3 g5 36. Qh5 Rdc8 37. Qf7+ Kh8 38. Rxf6 1-0

[Event "Titled Tue 24th Jun Late"]
[Site "chess.com INT"]
[Date "2025.06.24"]
[Round "4"]
[White "Cornelisse, Lorelei"]
[Black "Marin Posada, Sebastian"]
[Result "1-0"]
[WhiteTitle "WFM"]
[BlackTitle "FM"]
[WhiteElo "2138"]
[BlackElo "2246"]
[WhiteFideId "1087177"]
[BlackFideId "4402782"]
[EventDate "2025.06.24"]

1. d4 d5 2. Nc3 Nf6 3. Bf4 c5 4. e3 cxd4 5. exd4 a6 6. Be2 Nc6 7. Nf3 Bg4 8. O-O
e6 9. Ne5 Bxe2 10. Nxe2 Rc8 11. c3 Bd6 12. Re1 O-O 13. Ng3 Qc7 14. h4 Nd7 15.
Nxd7 Qxd7 16. Bxd6 Qxd6 17. Qg4 f5 18. Qg5 h6 19. Qd2 f4 20. Nf1 Qe7 21. Qe2 e5
22. dxe5 f3 23. gxf3 Qxh4 24. e6 Rce8 25. Ng3 Rf6 26. Qd3 d4 27. Re4 Qh3 28.
Rae1 dxc3 29. bxc3 Rfxe6 30. Rxe6 Rxe6 31. Qd5 Kf7 32. Nf5 g6 33. Qxe6+ 1-0

[Event "Titled Tue 24th Jun Late"]
[Site "chess.com INT"]
[Date "2025.06.24"]
[Round "4"]
[White "Adel, Sara"]
[Black "Gomes, Luiz Alexandre de Souza"]
[Result "1-0"]
[WhiteTitle "WFM"]
[BlackTitle "FM"]
[WhiteElo "1880"]
[BlackElo "2254"]
[WhiteFideId "10616764"]
[BlackFideId "2102790"]
[EventDate "2025.06.24"]

1. e4 c5 2. Nc3 a6 3. Nf3 b5 4. d4 cxd4 5. Nxd4 d6 6. Be3 Bb7 7. f3 Nd7 8. Qd2
Ngf6 9. g4 e6 10. h4 Ne5 11. O-O-O Qc7 12. h5 h6 13. Bf4 Be7 14. a3 Rc8 15. Rg1
Nfd7 16. g5 Nc4 17. Bxc4 Qxc4 18. g6 f6 19. Kb1 Ne5 20. Be3 d5 21. f4 Nc6 22.
Nxe6 d4 23. Nxg7+ Kf8 24. Nf5 dxc3 25. g7+ Kf7 26. gxh8=N+ Rxh8 27. Rg7+ Kf8 28.
Qd7 Qxe4 29. Rd4 Qh1+ 30. Ka2 1-0

[Event "Titled Tue 24th Jun Late"]
[Site "chess.com INT"]
[Date "2025.06.24"]
[Round "4"]
[White "Zlatin, Alexander"]
[Black "Rogov, Matfey"]
[Result "0-1"]
[WhiteTitle "FM"]
[BlackTitle "FM"]
[WhiteElo "2313"]
[BlackElo "2348"]
[WhiteFideId "2810549"]
[BlackFideId "44191308"]
[EventDate "2025.06.24"]

1. e4 e5 2. Nf3 Nc6 3. Bc4 Bc5 4. c3 Nf6 5. d3 d6 6. Bb3 h6 7. Nbd2 a5 8. h3 Qe7
9. a4 Be6 10. Bc2 O-O-O 11. Qe2 g5 12. Nf1 d5 13. Ng3 dxe4 14. Nxe4 Bb6 15.
Nfxg5 Nxe4 16. Nxe4 f5 17. Ng3 h5 18. h4 f4 19. Ne4 Rhg8 20. f3 Rg7 21. Ng5 Rxg5
22. hxg5 Qxg5 23. Bd2 Qg3+ 24. Kd1 Qg5 25. Be1 Rg8 26. Rh2 Qg6 27. Bf2 Bxf2 28.
Qxf2 Ne7 29. b4 Nd5 30. Kd2 Qf6 31. d4 axb4 32. c4 Ne3 33. d5 e4 34. fxe4 Qc3+
35. Ke2 Qxc2+ 0-1

[Event "Titled Tue 24th Jun Late"]
[Site "chess.com INT"]
[Date "2025.06.24"]
[Round "4"]
[White "Holinka, Henning"]
[Black "Parkhov, Yair"]
[Result "0-1"]
[WhiteTitle "FM"]
[BlackTitle "GM"]
[WhiteElo "2303"]
[BlackElo "2514"]
[WhiteFideId "12967084"]
[BlackFideId "2813408"]
[EventDate "2025.06.24"]

1. Nf3 Nf6 2. g3 g6 3. Bg2 Bg7 4. O-O O-O 5. d4 d6 6. c4 Bf5 7. Nc3 Ne4 8. Nd2
Nxc3 9. bxc3 c6 10. e4 Bc8 11. f4 c5 12. Nf3 Nc6 13. Be3 Bg4 14. h3 Bxf3 15.
Bxf3 cxd4 16. cxd4 e5 17. d5 Nd4 18. Rb1 Rc8 19. Qd3 b6 20. Bxd4 exd4 21. Bg4
Rc5 22. f5 Be5 23. Kg2 Qg5 24. fxg6 hxg6 25. Rf2 Kg7 26. Rbf1 f6 27. Be6 Rh8 28.
Rf3 Rh5 29. R1f2 Qc1 30. Rc2 Qe1 31. Re2 Qc3 32. Rc2 Qxd3 33. Rxd3 Kf8 34. a4
Rh7 35. Kf3 Rhc7 36. Rb3 Rxc4 37. Rxc4 Rxc4 38. a5 Rc3+ 39. Rxc3 dxc3 40. Ke2
bxa5 41. g4 a4 42. Kd3 a3 43. Kc2 a2 0-1

[Event "Titled Tue 24th Jun Late"]
[Site "chess.com INT"]
[Date "2025.06.24"]
[Round "4"]
[White "Arakelyan, Manvel"]
[Black "Bachmann, Axel"]
[Result "0-1"]
[WhiteTitle "FM"]
[BlackTitle "GM"]
[WhiteElo "2326"]
[BlackElo "2570"]
[WhiteFideId "13317415"]
[BlackFideId "3700488"]
[EventDate "2025.06.24"]

1. e4 e5 2. Nf3 Nc6 3. Nc3 Nf6 4. d4 exd4 5. Nxd4 Bb4 6. Nxc6 bxc6 7. Bd3 O-O 8.
O-O Re8 9. Qf3 Rb8 10. h3 Qe7 11. Bg5 Qe5 12. Bf4 Qa5 13. Ne2 Bd6 14. b3 Bxf4
15. Nxf4 d6 16. Rfe1 Qg5 17. Ne2 c5 18. Ng3 Bb7 19. Rad1 Re6 20. Bc4 Re5 21. Re2
Rbe8 22. Rde1 h5 23. Bd3 h4 24. Nf1 Nh5 25. Nd2 Nf4 26. Re3 f5 27. g3 hxg3 28.
Qxg3 Nxh3+ 29. Kh2 f4 30. Qxh3 fxe3 31. Rxe3 R8e6 32. Rg3 Qxd2 0-1

[Event "Titled Tue 24th Jun Late"]
[Site "chess.com INT"]
[Date "2025.06.24"]
[Round "4"]
[White "Dehtiarov, Roman"]
[Black "Sagalchik, Gennadij"]
[Result "1-0"]
[WhiteTitle "FM"]
[BlackTitle "GM"]
[WhiteElo "2416"]
[BlackElo "2434"]
[WhiteFideId "14186640"]
[BlackFideId "2007916"]
[EventDate "2025.06.24"]

1. e4 e5 2. Nf3 Nc6 3. Bb5 a6 4. Ba4 Nf6 5. O-O Nxe4 6. d4 b5 7. Bb3 d5 8. dxe5
Be6 9. a4 b4 10. a5 Nc5 11. Nbd2 Be7 12. Qe2 O-O 13. Rd1 Qb8 14. Qe3 Rd8 15. Nf1
d4 16. Qf4 Bxb3 17. cxb3 Nxb3 18. Rb1 Qb5 19. Ng3 Bf8 20. Ng5 Nxe5 21. Nh5 h6
22. Ne4 Ng6 23. Qg4 Nxc1 24. Rbxc1 c5 25. f4 Kh8 26. b3 Re8 27. f5 Ne5 28. Qg3
Nd3 29. Nd6 Nxc1 30. Nxf7+ Kg8 31. Nxh6+ Kh8 32. Nf7+ Kg8 33. Qg6 Ne2+ 34. Kh1
Nf4 35. Nf6# 1-0

[Event "Titled Tue 24th Jun Late"]
[Site "chess.com INT"]
[Date "2025.06.24"]
[Round "4"]
[White "Kawka, Milena"]
[Black "Pica, Eleni"]
[Result "1-0"]
[WhiteTitle "WCM"]
[BlackTitle "WCM"]
[WhiteElo "2003"]
[BlackElo "1686"]
[WhiteFideId "21095167"]
[BlackFideId "5910005"]
[EventDate "2025.06.24"]

1. Nf3 Nf6 2. e3 c5 3. b3 d5 4. Bb2 Bg4 5. h3 Bh5 6. g4 Bg6 7. Bb5+ Nbd7 8. g5
Ne4 9. Ne5 Bf5 10. Qf3 Nd6 11. Qxd5 Be6 12. Qxc5 Nxb5 13. Qxb5 Qb6 14. Qxb6 Nxb6
15. Nc3 Rc8 16. a4 Bd7 17. a5 Na8 18. O-O Bxh3 19. Rfe1 Bf5 20. e4 Bg6 21. f4 e6
22. f5 exf5 23. exf5 Bxf5 24. Ng6+ Be6 25. Nxh8 Kd7 26. d4 Bd6 27. d5 Rxh8 28.
dxe6+ fxe6 29. Rad1 Nc7 30. Ne4 Ke7 31. Nxd6 Rd8 32. Nf5+ 1-0

[Event "Titled Tue 24th Jun Late"]
[Site "chess.com INT"]
[Date "2025.06.24"]
[Round "4"]
[White "Sturt, Raven"]
[Black "Tari, Aryan"]
[Result "1-0"]
[WhiteTitle "GM"]
[BlackTitle "GM"]
[WhiteElo "2459"]
[BlackElo "2636"]
[WhiteFideId "2007304"]
[BlackFideId "1510045"]
[EventDate "2025.06.24"]

1. f4 b6 2. e4 Bb7 3. Nc3 c5 4. Nf3 g6 5. d4 cxd4 6. Qxd4 Nf6 7. e5 Nc6 8. Qa4
Nh5 9. Be3 a6 10. O-O-O b5 11. Qe4 Qc8 12. Nd5 Na5 13. Qd4 Bxd5 14. Qxd5 e6 15.
Qe4 Qb7 16. Ng5 Bh6 17. Qxb7 Nxb7 18. g4 f6 19. Nxe6 dxe6 20. gxh5 fxe5 21. Bg2
exf4 22. Bc6+ Kf8 23. Bd4 Rg8 24. Bxb7 Rb8 25. Bc5+ Kf7 26. Rd7+ Kf6 27. Re1 f3+
28. Kb1 gxh5 29. Bd4+ Kg5 30. Bxf3 Kh4 31. Bf2+ Kh3 32. Rxh7 Rbf8 33. Rxh6 Rxf3
34. Rxh5+ Kg2 35. Bg3 Rgf8 36. Rhe5 b4 37. Rxe6 1-0

[Event "Titled Tue 24th Jun Late"]
[Site "chess.com INT"]
[Date "2025.06.24"]
[Round "4"]
[White "Sroczynski, Maciej"]
[Black "Fedoryshyn, Ievgenii"]
[Result "0-1"]
[WhiteTitle "FM"]
[BlackTitle "FM"]
[WhiteElo "2236"]
[BlackElo "2278"]
[WhiteFideId "1121472"]
[BlackFideId "26095467"]
[EventDate "2025.06.24"]

1. e4 c6 2. d3 d5 3. Nd2 e5 4. Ngf3 Bd6 5. g3 Nf6 6. Bg2 O-O 7. O-O h6 8. c3
dxe4 9. Nxe4 Nxe4 10. dxe4 Be6 11. Qe2 Qa5 12. Nh4 b5 13. Rd1 Rd8 14. Nf5 Bf8
15. Rxd8 Qxd8 16. Be3 Na6 17. Rd1 Qa5 18. a3 Rd8 19. Rxd8 Qxd8 20. Bxa7 Bc4 21.
Qe1 c5 22. b4 Qc7 23. Bxc5 Nxc5 24. bxc5 Bxc5 25. Bf1 Bxa3 26. Bxc4 Qxc4 27. Qa1
Bc5 28. Qa8+ Kh7 29. Qd5 Qxd5 30. exd5 Kg6 31. Nh4+ Kf6 32. Kf1 e4 33. f4 g5 34.
Ng2 Ke7 35. fxg5 hxg5 36. h4 gxh4 37. gxh4 Kd6 38. Nf4 Ke5 39. h5 Kxf4 40. h6
Bf8 41. h7 Bg7 42. d6 Kf3 43. d7 e3 44. d8=Q e2+ 45. Kg1 e1=Q+ 46. Kh2 Be5+ 47.
Kh3 Qg3# 0-1

[Event "Titled Tue 24th Jun Late"]
[Site "chess.com INT"]
[Date "2025.06.24"]
[Round "4"]
[White "Krishnakumar, Sriram"]
[Black "Hansen, Eric"]
[Result "1-0"]
[WhiteTitle "FM"]
[BlackTitle "GM"]
[WhiteElo "2197"]
[BlackElo "2609"]
[WhiteFideId "30915856"]
[BlackFideId "2606771"]
[EventDate "2025.06.24"]

1. e4 c5 2. Nf3 e6 3. g3 Nc6 4. Bg2 d6 5. O-O Nf6 6. Qe2 e5 7. c3 Be7 8. Rd1 O-O
9. d4 cxd4 10. cxd4 Bg4 11. dxe5 Nxe5 12. h3 Nxf3+ 13. Bxf3 Bxh3 14. e5 Nd7 15.
exd6 Bf6 16. Nc3 Re8 17. Qb5 Ne5 18. Bg2 Bg4 19. Bf4 Nf3+ 20. Kh1 g5 21. Be3
Bxc3 22. bxc3 Qf6 23. Bxf3 Bxf3+ 24. Kg1 Re5 25. Qc4 Qf5 26. Qf1 Qg6 27. Qh3 1-0

[Event "Titled Tue 24th Jun Late"]
[Site "chess.com INT"]
[Date "2025.06.24"]
[Round "4"]
[White "Vemparala, Nikash"]
[Black "Omariev, Maksim"]
[Result "0-1"]
[WhiteTitle "CM"]
[BlackTitle "FM"]
[WhiteElo "2187"]
[BlackElo "2304"]
[WhiteFideId "30960967"]
[BlackFideId "4193423"]
[EventDate "2025.06.24"]

1. e4 c5 2. Nf3 d6 3. d4 cxd4 4. Nxd4 Nf6 5. Nc3 a6 6. f3 b5 7. Be3 Nbd7 8. a3
Bb7 9. Qd2 e6 10. O-O-O Be7 11. g4 Nb6 12. h4 Nfd7 13. h5 Ne5 14. Qg2 Nec4 15.
Bf2 Rc8 16. Nde2 O-O 17. Kb1 d5 18. f4 Qc7 19. e5 d4 20. Ne4 Nxa3+ 21. Ka2 Qc4+
22. Ka1 Nxc2+ 23. Kb1 Nb4 24. N2c3 Qb3 25. Bxd4 Rxc3 26. Bxb5 Qa2# 0-1

[Event "Titled Tue 24th Jun Late"]
[Site "chess.com INT"]
[Date "2025.06.24"]
[Round "4"]
[White "Sobek, Jaroslav"]
[Black "Fernandez Bustamante, Leancy B."]
[Result "1-0"]
[WhiteTitle "FM"]
[BlackTitle "WFM"]
[WhiteElo "2195"]
[BlackElo "2130"]
[WhiteFideId "301388"]
[BlackFideId "3523870"]
[EventDate "2025.06.24"]

1. d4 e5 2. dxe5 Nc6 3. Nf3 Qe7 4. Bf4 Qb4+ 5. Bd2 Qxb2 6. Nc3 Nb4 7. Rc1 c6 8.
e3 Nxa2 9. Nxa2 Qxa2 10. Bc3 Qa3 11. Qd2 Nh6 12. Bc4 Qc5 13. Ba2 Be7 14. O-O O-O
15. e4 b5 16. h3 b4 17. Ba1 a5 18. Nd4 Ba6 19. Rfe1 Kh8 20. Nf5 Nxf5 21. exf5 d5
22. f6 gxf6 23. exf6 Bd6 24. Qh6 Rg8 25. c3 Rg6 26. Qh4 Rag8 27. g4 Bc8 28. cxb4
Qxb4 29. f3 Qf4 30. Qf2 Be6 31. Bb1 c5 32. Kf1 Rh6 33. h4 Rxf6 34. Qe3 Qxf3+ 35.
Qxf3 d4 36. Qxf6+ Rg7 37. Rxe6 1-0